<?xml version="1.0" encoding="UTF-8"?><?xml-stylesheet type="text/xsl" href="static/style.xsl"?><OAI-PMH xmlns="http://www.openarchives.org/OAI/2.0/" xmlns:xsi="http://www.w3.org/2001/XMLSchema-instance" xsi:schemaLocation="http://www.openarchives.org/OAI/2.0/ http://www.openarchives.org/OAI/2.0/OAI-PMH.xsd"><responseDate>2026-04-14T03:06:37Z</responseDate><request verb="GetRecord" identifier="oai:www.recercat.cat:2117/441622" metadataPrefix="marc">https://recercat.cat/oai/request</request><GetRecord><record><header><identifier>oai:recercat.cat:2117/441622</identifier><datestamp>2026-01-21T04:52:58Z</datestamp><setSpec>com_2072_1033</setSpec><setSpec>col_2072_452950</setSpec></header><metadata><record xmlns="http://www.loc.gov/MARC21/slim" xmlns:dcterms="http://purl.org/dc/terms/" xmlns:xsi="http://www.w3.org/2001/XMLSchema-instance" xmlns:doc="http://www.lyncode.com/xoai" xsi:schemaLocation="http://www.loc.gov/MARC21/slim http://www.loc.gov/standards/marcxml/schema/MARC21slim.xsd">
   <leader>00925njm 22002777a 4500</leader>
   <datafield ind2=" " ind1=" " tag="042">
      <subfield code="a">dc</subfield>
   </datafield>
   <datafield ind2=" " ind1=" " tag="720">
      <subfield code="a">Zunino, Leonardo</subfield>
      <subfield code="e">author</subfield>
   </datafield>
   <datafield ind2=" " ind1=" " tag="720">
      <subfield code="a">Casas Rius, Joan Ramon</subfield>
      <subfield code="e">author</subfield>
   </datafield>
   <datafield ind2=" " ind1=" " tag="720">
      <subfield code="a">Domaneschi, Marco</subfield>
      <subfield code="e">author</subfield>
   </datafield>
   <datafield ind2=" " ind1=" " tag="260">
      <subfield code="c">2025-11</subfield>
   </datafield>
   <datafield ind2=" " ind1=" " tag="520">
      <subfield code="a">Bridges are essential components of civil infrastructure that must operate safely and reliably. Traditional methods for assessing structural health rely on the concept that changes in a structure’s dynamic response may indicate potential damage. However, variations due to operational and environmental factors (like traffic and temperature) can also contribute to these changes. This makes damage detection more challenging, as a bridge may still be safe while exhibiting changes in its dynamic response due to these factors. If these effects are not properly accounted for, it could lead to false positive alerts. This article proposes a methodology for detecting and localizing damage in bridges subjected to traffic loads and environmental variability. Acceleration signals from accelerometers placed on the deck of a cable-stayed bridge in China were analyzed as part of a real monitoring effort. This data bank enabled the implementation of the algorithm on real signals in both undamaged and damaged scenarios. Variational Mode Decomposition is used to decompose the signal into Intrinsic Mode Functions. The Hilbert Transform is then employed to extract instantaneous frequencies, which represent damage-sensitive features in this context. Furthermore, environmental effects are removed from the damage-sensitive features using Principal Component Analysis. Finally, damage detection and localization are achieved using a statistical analysis able to confirm the previous data processing. An unsupervised clustering algorithm (K-means) is used to detect changes between the undamaged state and the damaged one. The results demonstrate the method’s effectiveness when applied to real-world scenarios, suggesting its potential application in structural health monitoring.</subfield>
   </datafield>
   <datafield ind2=" " ind1=" " tag="520">
      <subfield code="a">The authors would like to express their sincere gratitude to Prof. Hui Li, Harbin Institute of Technology, for providing the data and images of the actual damage conditions of the Yonghe Bridge. Funding: This work was supported by MIUR - PRIN 2022 ‘‘BIORESTORE – BIO-based Resilient Energy and Seismic retrofiT Of the REsidential building stock’’ [Prot. 202234HM8J, CUP E53C24002680006]; and by MCIN/AEI - ‘‘ERDF A way of making Europe’’ [Grant PID2021- 126405OB-C31]. This publication is also part of the project PNRRNGEU which has received funding from the MUR – DM 629/2024.</subfield>
   </datafield>
   <datafield ind2=" " ind1=" " tag="520">
      <subfield code="a">Peer Reviewed</subfield>
   </datafield>
   <datafield ind2=" " ind1=" " tag="520">
      <subfield code="a">Postprint (published version)</subfield>
   </datafield>
   <datafield tag="653" ind2=" " ind1=" ">
      <subfield code="a">Àrees temàtiques de la UPC::Enginyeria civil::Materials i estructures::Tipologies estructurals</subfield>
   </datafield>
   <datafield tag="653" ind2=" " ind1=" ">
      <subfield code="a">Bridge damage detection</subfield>
   </datafield>
   <datafield tag="653" ind2=" " ind1=" ">
      <subfield code="a">SHM</subfield>
   </datafield>
   <datafield tag="653" ind2=" " ind1=" ">
      <subfield code="a">Variational mode decomposition</subfield>
   </datafield>
   <datafield tag="653" ind2=" " ind1=" ">
      <subfield code="a">Hilbert-huang transform</subfield>
   </datafield>
   <datafield tag="653" ind2=" " ind1=" ">
      <subfield code="a">Principal component analysis</subfield>
   </datafield>
   <datafield tag="653" ind2=" " ind1=" ">
      <subfield code="a">K-means</subfield>
   </datafield>
   <datafield ind2="0" ind1="0" tag="245">
      <subfield code="a">Bridge damage assessment under traffic and environmental variability: a case study on Yonghe cable-stayed bridge</subfield>
   </datafield>
</record></metadata></record></GetRecord></OAI-PMH>